[Event "CAN-ch U12 Girls"]
[Site "Victoria"]
[Date "2009.07.23"]
[Round "6"]
[White "Foote, Joanne"]
[Black "Tram, Patience"]
[Result "1-0"]
[WhiteElo "1345"]
[BlackElo "658"]
[PlyCount "41"]
[EventDate "2009.07.21"]
[EventType "swiss"]
[EventRounds "7"]
[EventCountry "CAN"]
[SourceTitle "EXT 2011"]
[Source "ChessBase"]
[SourceDate "2010.11.26"]
[SourceVersion "1"]
[SourceVersionDate "2010.11.26"]
[SourceQuality "1"]

1. e4 Nf6 2. e5 Ng8 3. d4 g6 4. Nf3 d6 5. Bf4 h6 6. Bd3 Rh7 7. 0-0 Rg7 8. Nc3 Rh7 9. Re1 a5 10. exd6 c6 11. dxe7 Bxe7 12. Bc4 Kf8 13. h3 a4 14. a3 Bd7 15. d5 Qc8 16. d6 b6 17. dxe7+ Nxe7 18. Bd6 f6 19. Qe2 Na6 20. Bxe7+ Rxe7 21. Qxe7# 1-0

[Event "CAN-ch U12 Girls"]
[Site "Victoria"]
[Date "2009.07.22"]
[Round "4"]
[White "Tram, Patience"]
[Black "Peng, Jackie"]
[Result "0-1"]
[WhiteElo "658"]
[BlackElo "1530"]
[PlyCount "46"]
[EventDate "2009.07.21"]
[EventType "swiss"]
[EventRounds "7"]
[EventCountry "CAN"]
[SourceTitle "EXT 2011"]
[Source "ChessBase"]
[SourceDate "2010.11.26"]
[SourceVersion "1"]
[SourceVersionDate "2010.11.26"]
[SourceQuality "1"]

1. Nc3 Nf6 2. Nf3 Nc6 3. g3 e5 4. Bh3 d5 5. Bg2 Bd6 6. Nb1 Bf5 7. h4 e4 8. Nh2 d4 9. f3 Bxg3+ 10. Kf1 Bxh2 11. Rxh2 0-0 12. c3 exf3 13. Bh3 Bxh3+ 14. Rxh3 fxe2+ 15. Kxe2 Re8+ 16. Kf1 Qd7 17. Rd3 Qf5+ 18. Rf3 Qg4 19. d3 Ne5 20. Kf2 Qxh4+ 21. Rg3 Neg4+ 22. Kg2 Qh2+ 23. Kf3 Qf2# 0-1